00388nam a2200133Ia 4500003000400000008004100004020002600045040000800071100002100079245008400100260004400184300001500228365001100243LDD181029s9999 xx 000 0 und d a9780195151985c495.00 cLDD aWolpert, Stanley 0aShameful flightbthe last years of the british empire in indiacStanley Wolpert aNew YorkbOxford university pressc2006 axii, 238p. b495.00